| Tag |
First Indicator |
Second Indicator |
Subfields |
| LEADER |
00000cam a2200000 4500 |
| 001 |
in00000099413 |
| 005 |
20150926125611.0 |
| 008 |
711230s1969 fr a b 00000 eng |
| 010 |
|
|
|a 72030825
|
| 015 |
|
|
|a F*** (v. 1)
|
| 035 |
|
|
|a (OCoLC)00226504
|
| 035 |
|
|
|9 AAL3834AM
|
| 040 |
|
|
|a DLC
|c DLC
|d TXA
|d UtOrBLW
|
| 041 |
0 |
|
|a eng
|a fre
|
| 049 |
|
|
|a TXAM
|v 2 [1130038]
|
| 050 |
0 |
0 |
|a TL500
|b .N6 no. 123
|
| 082 |
0 |
|
|a 629.47/44
|
| 245 |
0 |
0 |
|a Space power systems.
|
| 264 |
|
1 |
|a [Neuilly-sur-Seine] :
|b North Atlantic Treaty Organization, Advisory Group for Aerospace Research and Development,
|c [1969]
|
| 300 |
|
|
|a 2 parts :
|b illustrations ;
|c 30 cm.
|
| 336 |
|
|
|a text
|b txt
|2 rdacontent
|
| 337 |
|
|
|a unmediated
|b n
|2 rdamedia
|
| 338 |
|
|
|a volume
|b nc
|2 rdacarrier
|
| 490 |
1 |
|
|a AGARDograph ;
|v 123
|
| 500 |
|
|
|a Introduction in English and French.
|
| 500 |
|
|
|a A lecture series sponsored by the Propulsion and Energetics Panel and the Consultant and Exchange Programme of the Advisory Group for Aerospace Research and Development, held at the Universite libre, Brussels, from 2 to 6 October 1967.
|
| 504 |
|
|
|a Includes bibliographies.
|
| 650 |
|
0 |
|a Power (Mechanics)
|
| 650 |
|
0 |
|a Space vehicles
|x Propulsion systems.
|
| 650 |
|
0 |
|a Space vehicles
|x Auxiliary power supply.
|
| 830 |
|
0 |
|a AGARDograph ;
|v no. 123.
|
| 999 |
|
|
|a MARS
|
| 999 |
f |
f |
|s ff8b3d75-f396-3e9c-a884-4221949b6a51
|i 9fc41a3b-9d80-3c70-993f-c6c98d3fb1de
|t 0
|
| 952 |
f |
f |
|p ric
|a Texas A&M University
|b Rellis Campus
|c Joint Library Facility
|d Remote Storage
|t 0
|e TL500 .N6 no. 123
|h Library of Congress classification
|i unmediated -- volume
|m A14805529593
|
| 998 |
f |
f |
|a TL500 .N6 no. 123
|s v2
|t 0
|l Remote Storage
|